000 02657cam a2200505 a 4500
003 CHAP
005 20220329142208.0
008 000207d1998 mx r 00010 spa d
010 _a79782
011 _a80754
020 _a9688565962
035 _a91208
040 _cCHAP
082 0 4 _a325.2
_bB3
100 0 0 _aBarceló, Raquel
_ecoord.
_910148
245 1 0 _aDiversidad étnica y conflicto en América Latina
_c/coord. por Raquel Barceló y Martha Judith Sánchez
260 _aMéxico, D. F. :
_bUniversidad Nacional Autónoma de México. Instituto de Investigaciones Sociales,
_c1998.
300 _av.
500 _aLa biblioteca tiene: v.1 Organizaciones indígenas y políticas estatales. -- v.2 el indio como metáfora en la identidad nacional.--23 v.3 Migración y etnicidad. Reflexiones teóricas y estudios de caso
590 _aBATCH-UPD
_b10
_c20130110
_lUCH01
_h0344
590 _aBATCH-UPD
_b10
_c20130110
_lUCH01
_h1755
590 _aBATCH-UPD
_b10
_c20130410
_lUCH01
_h0017
590 _aBATCH-UPD
_b10
_c20130914
_lUCH01
_h0536
590 _aCONVERSION
_b10
_c20130109
_lUCH01
_h1344
650 0 4 _aIdentidad.
_957290
650 1 4 _aEmigración e Inmigración
_zAmérica Latina.
_936519
650 1 4 _aMéxico
_xCondiciones sociales.
_976730
650 1 4 _aMigración interna
_xAmérica Latina.
_975604
700 0 _aSánchez, Martha Judith
_ecoord.
_9107955
901 _aBK
905 _aLilia Sánchez G.
942 _cLIBRO
949 _a325.2 B3
_bBC
_cLIBRO
_d33724000752770
_eLIBRO
_fv.3
_gI. c/e
_h97217
_i91208
_si
_t$85.00
949 _a325.2 B3
_bBC
_cLIBRO
_d33724000793725
_eLIBRO
_fv.3 c.2
_gI. c/e
_h98586
_i91208
_si
_t$82.00
949 _a325.2 B3
_bBC
_cLIBRO
_d33724000946687
_eLIBRO
_fv.1
_gI. c/e
_h105471
_i91208
_sb
_t$130.00
949 _a325.2 B3
_bBC
_cLIBRO
_d33724000950994
_eLIBRO
_fv.3 c.3
_gI. c/e
_h98586
_i91208
_sb
_t$130.00
949 _a325.2 B3
_bBC
_cLIBRO
_d33724000951059
_eLIBRO
_fv.2
_gI. c/e
_h105804
_i91208
_sb
_t$130.00
949 _a325.2 B3
_bBC
_cLIBRO
_d33724000961447
_eLIBRO
_fv.1 c.2
_gI. c/e
_h106889
_i91208
_si
_t$130.00
949 _a325.2 B3
_bBC
_cLIBRO
_d33724000961454
_eLIBRO
_fv.1 c.3
_gI. c/e
_h106890
_i91208
_sb
_t$130.00
949 _a325.2 B3
_bBC
_cLIBRO
_d33724000961462
_eLIBRO
_fv.1 c.4
_gI. c/e
_h106891
_i91208
_sb
_t$130.00
949 _a325.2 B3
_bBC
_cLIBRO
_d33724000961470
_eLIBRO
_fv.3 c.4
_gI. c/e
_h106892
_i91208
_si
_t$130.00
949 _a325.2 B3
_bBC
_cLIBRO
_d33724000961488
_eLIBRO
_fv.3 c.5
_gI. c/e
_h106893
_i91208
_sb
_t$130.00
949 _a325.2 B3
_bBC
_cLIBRO
_d33724000978854
_eLIBRO
_fv.2 c.2
_gI. c/e
_h106392
_i91208
_sb
_t$130.00
949 _a325.2 B3
_bBC
_cLIBRO
_d33724000979159
_eLIBRO
_fv.2 c.3
_gI. c/e
_h102393
_i91208
_sb
_t$130.00
999 _c79782
_d79782